| 000 | 00646cam a22002054a 4500 | ||
|---|---|---|---|
| 020 | _a1578511364 | ||
| 040 | _cDLC | ||
| 082 | 0 | 0 | _a658 HAR 2001 A113 Or. |
| 100 | 1 | _aBecker, Brian E. | |
| 245 | 1 | 4 |
_aThe HR scorecard : _blinking people, strategy, and performance / |
| 260 |
_aBoston, MA : _bHarvard Business School Press, _cc2001. |
||
| 300 |
_axiii, 235 p. : _bill. ; _c25 cm. |
||
| 650 | 0 | _aOrganizational effectiveness | |
| 650 | 0 | _aIndustrial management. | |
| 650 | 0 | _aHuman capital. | |
| 700 | 1 | _aHuselid, Mark A., | |
| 700 | 1 | _aUlrich, David, | |
| 856 | 4 | 2 | _uhttp://www.loc.gov/catdir/enhancements/fy1311/00053945-d.html |
| 942 | _cEK | ||
| 999 |
_c17380 _d17380 |
||